Statistics for WWE - Alberto Del Rio's PPV Opponents

Click here to take the quiz!

General Stats

  • This quiz has been taken 648 times
    (599 since last reset)
  • The average score is 52 of 65

Answer Stats

YearEventMatch TypeAnswer% Correct
2011VengeanceLast Man Standing MatchJohn Cena
98%
2015Hell in a CellJohn Cena
98%
2011Hell in a CellTriple Threat Hell in a Cell MatchJohn Cena
98%
2013Survivor SeriesJohn Cena
98%
2013Hell in a CellJohn Cena
98%
2011Night of ChampionsJohn Cena
98%
2011Survivor SeriesCM Punk
94%
2011Hell in a CellTriple Threat Hell in a Cell MatchCM Punk
94%
2011SummerSlamMoney In The Bank Cash-In MatchCM Punk
94%
2011Tables, Ladders & ChairsTriple Threat TLC MatchCM Punk
94%
2010Bragging Rights14-Man Tag Team MatchCM Punk
94%
2010Tables, Ladders & ChairsFatal 4-Way TLC MatchEdge
91%
2011WrestleMania XXVIIEdge
91%
2011Capitol PunishmentThe Big Show
90%
2013Royal RumbleLast Man Standing MatchThe Big Show
90%
2013Elimination ChamberThe Big Show
90%
2010Survivor Series5 vs 5 Elimination MatchThe Big Show
90%
2012Night of ChampionsSheamus
89%
2012SummerSlamSheamus
89%
2012Money In The BankSheamus
89%
2012Over The LimitFatal 4-Way MatchSheamus
89%
2010Bragging Rights14-Man Tag Team MatchSheamus
89%
2012Survivor Series5 vs 5 Elimination MatchThe Miz
89%
2011Tables, Ladders & ChairsTriple Threat TLC MatchThe Miz
89%
2010Bragging Rights14-Man Tag Team MatchThe Miz
89%
2012Survivor Series5 vs 5 Elimination MatchRandy Orton
87%
2012Hell in a CellRandy Orton
87%
2012Over The LimitFatal 4-Way MatchRandy Orton
87%
2010Survivor Series5 vs 5 Elimination MatchRey Mysterio
87%
2011SummerSlamSix-Man Tag Team MatchRey Mysterio
87%
2010Tables, Ladders & ChairsFatal 4-Way TLC MatchRey Mysterio
87%
2016WrestleMania 32Six-Man Tag Team MatchKofi Kingston
86%
2013SummerSlamChristian
85%
2011Extreme RulesLadder MatchChristian
85%
2010Tables, Ladders & ChairsFatal 4-Way TLC MatchKane
84%
2012Survivor Series5 vs 5 Elimination MatchKane
84%
2013PaybackDolph Ziggler
83%
2013Money In The BankDolph Ziggler
83%
2013Extreme Rules"I Quit" MatchJack Swagger
82%
2015Tables, Ladders & ChairsChairs MatchJack Swagger
82%
2013WrestleMania 29Jack Swagger
82%
2012Survivor Series5 vs 5 Elimination MatchKofi Kingston
82%
2010Survivor Series5 vs 5 Elimination MatchKofi Kingston
82%
2011SummerSlamSix-Man Tag Team MatchKofi Kingston
82%
2011Elimination ChamberKofi Kingston
82%
2016WrestleMania 32Six-Man Tag Team MatchBig E
81%
2016WrestleMania 32Six-Man Tag Team MatchXavier Woods
80%
2012Survivor Series5 vs 5 Elimination MatchDaniel Bryan
75%
2015Survivor SeriesRoman Reigns
75%
2010Bragging Rights14-Man Tag Team MatchR-Truth
71%
2012Over The LimitFatal 4-Way MatchChris Jericho
70%
2016Fastlane (Kick-Off Show)Best 2 out of 3 Falls MatchKalisto
69%
2016Royal RumbleKalisto
69%
2014Elimination ChamberBatista
65%
2010Bragging Rights14-Man Tag Team MatchJohn Morrison
61%
2011SummerSlamSix-Man Tag Team MatchJohn Morrison
61%
2013BattlegroundHardcore MatchRob Van Dam
57%
2013Night of ChampionsRob Van Dam
57%
2012Tables, Ladders & ChairsSix-Man Tag Team MatchDrew McIntyre
56%
2010Bragging Rights14-Man Tag Team MatchSantino Marella
54%
2012Tables, Ladders & ChairsSix-Man Tag Team MatchHeath Slater
53%
2012Tables, Ladders & ChairsSix-Man Tag Team MatchJinder Mahal
51%
2010Survivor Series5 vs 5 Elimination MatchMVP
40%
2010Bragging Rights14-Man Tag Team MatchEzekiel Jackson
33%
2010Survivor Series5 vs 5 Elimination MatchChris Masters
30%

Score Distribution

Percentile by Number Answered

Percent of People with Each Score

Your Score History

You have not taken this quiz since the last reset